[Event "ETCC Plovdiv 2003"]
[Site "Plovdiv"]
[Date "2003.10.12"]
[Round "2.2"]
[White "Gelfand, Boris"]
[Black "Lautier, Joel"]
[Result "1/2-1/2"]
[WhiteElo "2703"]
[BlackElo "2666"]
[PlyCount "73"]
[EventDate "2003.10.12"]

1. e4 c5 2. Nf3 Nc6 3. Bb5 e6 4. Bxc6 bxc6 5. b3 f6 6. Ba3 Nh6 7. d4 Qa5+ 8. c3
cxd4 9. Bxf8 Rxf8 10. b4 Qb6 11. Nxd4 a5 12. bxa5 Qb2 13. Nb3 Ba6 14. Nc5 Kf7
15. Nd2 Qxc3 16. Nxa6 Qxa5 17. O-O Qxa6 18. e5 Qd3 19. Qh5+ Kg8 20. Rad1 Qf5
21. Qxf5 Nxf5 22. Nc4 Ra7 23. a4 Rb8 24. a5 Rb5 25. f4 Rb4 26. Rc1 Rxc4 27.
Rxc4 Ne3 28. Ra4 Nxf1 29. Kxf1 Kf7 30. Ke2 Ke7 31. Kd3 Kd8 32. Kc4 Kc7 33. a6
Kb6 34. Rb4+ Kc7 35. Ra4 Kb6 36. Rb4+ Kc7 37. Ra4 1/2-1/2

[Event "ETCC Plovdiv 2003"]
[Site "Plovdiv"]
[Date "2003.10.12"]
[Round "2.2"]
[White "Sokolov, Andrei"]
[Black "Roiz, Michael"]
[Result "1/2-1/2"]
[WhiteElo "2584"]
[BlackElo "2549"]
[PlyCount "76"]
[EventDate "2003.10.12"]

1. e4 e6 2. d4 d5 3. Nc3 Nf6 4. e5 Nfd7 5. f4 c5 6. Nf3 Qb6 7. Ne2 Nc6 8. c3
Be7 9. g3 cxd4 10. cxd4 O-O 11. Bh3 f6 12. O-O fxe5 13. Bxe6+ Kh8 14. f5 e4 15.
Ne1 Nde5 16. Bxd5 Bxf5 17. Qb3 Nxd4 18. Nxd4 Qxd4+ 19. Be3 Qb4 20. Qxb4 Bxb4
21. Nc2 Be7 22. Nd4 Bh3 23. Rxf8+ Rxf8 24. Ne6 Rc8 25. Rc1 Rxc1+ 26. Bxc1 Nd3
27. Be3 b6 28. Ng5 Bxg5 29. Bxg5 Bf5 30. b3 Nb4 31. Bc4 Nxa2 32. Bd2 e3 33.
Bxe3 Nb4 34. Bd2 Nd3 35. Bxd3 Bxd3 36. b4 Kg8 37. Kf2 Kf7 38. Ke3 Bf1 1/2-1/2

[Event "ETCC Plovdiv 2003"]
[Site "Plovdiv"]
[Date "2003.10.12"]
[Round "2.3"]
[White "Nedev, Trajce"]
[Black "Gustafsson, Jan"]
[Result "1/2-1/2"]
[WhiteElo "2480"]
[BlackElo "2571"]
[PlyCount "55"]
[EventDate "2003.10.12"]

1. e4 c6 2. d4 d5 3. Nd2 dxe4 4. Nxe4 Bf5 5. Ng3 Bg6 6. h4 h6 7. Nf3 Nd7 8. h5
Bh7 9. Bd3 Bxd3 10. Qxd3 e6 11. Bf4 Ngf6 12. O-O-O Be7 13. Kb1 Qa5 14. Ne4 Nxe4
15. Qxe4 Nf6 16. Qd3 O-O 17. g4 Nxg4 18. Rdg1 Qf5 19. Qd2 g5 20. hxg6 fxg6 21.
Qe2 h5 22. Ne5 Nxe5 23. Bxe5 Kh7 24. Rg3 Rf7 25. Rgh3 Kg8 26. Rg3 Kh7 27. Rgh3
Kg8 28. Rg3 1/2-1/2

[Event "ETCC Plovdiv 2003"]
[Site "Plovdiv"]
[Date "2003.10.12"]
[Round "2.4"]
[White "Acs, Peter"]
[Black "Van Wely, Loek"]
[Result "1/2-1/2"]
[WhiteElo "2593"]
[BlackElo "2654"]
[PlyCount "160"]
[EventDate "2003.10.12"]

1. e4 c5 2. Nf3 Nc6 3. d4 cxd4 4. Nxd4 Nf6 5. Nc3 e5 6. Ndb5 d6 7. Bg5 a6 8.
Na3 b5 9. Bxf6 gxf6 10. Nd5 f5 11. Bd3 Be6 12. Qh5 Rg8 13. g3 Nd4 14. c3 fxe4
15. Bxe4 Bg4 16. Qxh7 Rg7 17. Qh6 Nf3+ 18. Ke2 Ng5+ 19. f3 Nxe4 20. fxg4 Qc8
21. Qe3 Qxg4+ 22. Qf3 Qxf3+ 23. Kxf3 f5 24. Nc2 Kf7 25. Nce3 Nf6 26. a4 Nxd5
27. Nxd5 Ke6 28. Rhd1 Raa7 29. Nb4 Rgc7 30. axb5 axb5 31. Rxa7 Rxa7 32. h3 Bh6
33. g4 e4+ 34. Kg2 f4 35. Rd4 f3+ 36. Kg3 d5 37. Nxd5 Rf7 38. Nc7+ Ke7 39.
Rxe4+ {Diagram #} 39... Kd7 40. Kf2 Kxc7 41. Re5 Kd6 42. Rf5 Rxf5 43. gxf5 Ke5
44. Kxf3 Kxf5 45. h4 Ke5 46. Ke2 Ke4 47. h5 Bg5 48. b3 Be3 49. Kf1 Kd3 50. c4
b4 51. Kg2 Kd4 52. Kf3 Bh6 53. Kg2 Ke4 54. Kf2 Bf4 55. Kg2 Ke3 56. Kh3 Ke4 57.
Kg4 Ke5 58. Kf3 Bh6 59. Kg4 Ke4 60. Kg3 Kf5 61. Kf3 Bc1 62. Kg3 Ke4 63. Kg2 Bf4
64. Kh3 Kf5 65. Kg2 Kg4 66. c5 Kxh5 67. Kf3 Kg5 68. Ke4 Bg3 69. Kd5 Kf6 70. c6
Ke7 71. Kc5 Be1 72. Kb6 Kd8 73. c7+ Kc8 74. Kc6 Bh4 75. Kc5 Be7+ 76. Kc6 Bf8
77. Kb6 Bd6 78. Kc6 Bxc7 79. Kc5 Ba5 80. Kb5 Bc7 1/2-1/2

[Event "ETCC Plovdiv 2003"]
[Site "Plovdiv"]
[Date "2003.10.12"]
[Round "2.4"]
[White "Tiviakov, Sergei"]
[Black "Berkes, Ferenc"]
[Result "1-0"]
[WhiteElo "2601"]
[BlackElo "2616"]
[PlyCount "145"]
[EventDate "2003.10.12"]

1. e4 c5 2. c3 e6 3. d4 d5 4. exd5 exd5 5. Nf3 Nc6 6. Bb5 Bd6 7. dxc5 Bxc5 8.
O-O Nge7 9. Nbd2 O-O 10. Nb3 Bd6 11. Bd3 h6 12. h3 Nf5 13. Bc2 Re8 14. Re1
Rxe1+ 15. Qxe1 Be6 16. Be3 Qf6 17. Bc5 Ne5 18. Nxe5 Bxe5 19. Bxf5 Bxf5 20. Bd4
Re8 21. Qe3 Kh7 22. Bxe5 Rxe5 23. Qf4 Re4 24. Qf3 Qe5 25. Nd4 Bg6 26. Qd1 Qe7
27. Qd2 f6 28. Rd1 a6 29. a3 Qe8 30. f3 Re5 31. Kf2 Qe7 32. Ne2 Qe6 33. Nd4 Qb6
34. Re1 a5 35. a4 Kh8 36. b3 Kh7 37. Re2 Qc5 38. Re3 Qa3 39. Qe2 Qd6 40. Qe1
Rg5 41. Kg1 Re5 42. Qd2 Qe7 43. Kf2 Qc5 44. Nb5 b6 45. Nd4 Qd6 46. Ne2 Qc5 47.
Nf4 Rxe3 48. Qxe3 Bc2 49. Qxc5 bxc5 50. Ne6 c4 51. b4 axb4 52. cxb4 Bxa4 53.
Nd4 Bd7 54. b5 Kg6 55. b6 Bc8 56. Nb5 Ba6 57. Ke3 Kf5 {Diagram #} 58. f4 h5 59.
Nd6+ Ke6 60. b7 Bxb7 61. Nxb7 h4 62. Na5 Kd6 63. Kd4 g6 64. f5 gxf5 65. Nb7+
Kc6 66. Nc5 Kb5 67. Ne6 Kb4 68. Nf4 Kb3 69. Nxd5 f4 70. Nxf4 c3 71. Ne2 c2 72.
Kd3 Kb2 73. Ke4 1-0

[Event "ETCC Plovdiv 2003"]
[Site "Plovdiv"]
[Date "2003.10.12"]
[Round "2.4"]
[White "Varga, Zoltan"]
[Black "Van Den Doel, Erik"]
[Result "1-0"]
[WhiteElo "2558"]
[BlackElo "2609"]
[PlyCount "115"]
[EventDate "2003.10.12"]

1. e4 e5 2. Nf3 Nc6 3. Nc3 Nf6 4. Bb5 Nd4 5. Bd3 Nxf3+ 6. Qxf3 Bc5 7. h3 c6 8.
Bc4 d5 9. exd5 e4 10. Qe2 cxd5 11. Bxd5 O-O 12. Qc4 Bb6 13. O-O Bf5 14. Bxb7
Rb8 15. Bxe4 Rc8 16. Qa4 Bd7 17. Qb4 Bc5 18. Qb3 Re8 19. Bf3 a5 20. d3 Be6 21.
Qa4 Bb4 22. a3 Bxc3 23. bxc3 Rxc3 24. Bc6 Bd7 25. Bxd7 Qxd7 26. Qxd7 Nxd7 27.
Bd2 Rxc2 28. Bxa5 Nc5 29. Rfe1 Ra8 30. Re3 Ne6 31. Bb4 h6 32. g3 Rb2 33. Rae1
Kh7 34. Kg2 Rd8 35. Rd1 Kg6 36. Kf1 Rc2 37. Re4 Ng5 38. Rg4 Re8 39. Rc4 Ra2 40.
Kg2 Ree2 41. Rf1 Re3 42. Rd4 Nf3 43. Rg4+ Kh7 44. Rf4 Ng5 45. h4 Ne6 46. Rxf7
Rxd3 47. Re1 Nd8 48. Rc7 Kg6 49. Ree7 Kf5 50. Rxg7 Ne6 51. Rcf7+ Ke5 52. Rg6
Nd4 53. Re7+ Kf5 54. h5 Nc2 55. g4+ Kf4 56. Bd6+ Rxd6 57. Rxd6 Kxg4 58. Re2 1-0

[Event "ETCC Plovdiv 2003"]
[Site "Plovdiv"]
[Date "2003.10.12"]
[Round "2.4"]
[White "Nijboer, Friso"]
[Black "Ruck, Robert"]
[Result "1/2-1/2"]
[WhiteElo "2577"]
[BlackElo "2551"]
[PlyCount "70"]
[EventDate "2003.10.12"]

1. e4 c6 2. d4 d5 3. e5 Bf5 4. Nf3 e6 5. Be2 c5 6. Be3 cxd4 7. Nxd4 Ne7 8. Bg5
Qa5+ 9. Nc3 Bg6 10. O-O a6 11. Bd3 Nbc6 12. Nxc6 Nxc6 13. Re1 Bb4 14. Bd2 Rc8
15. a3 Bxc3 16. Bxc3 Qc5 17. Qd2 O-O 18. b3 d4 19. Bb4 Nxb4 20. axb4 Qc3 21.
Rad1 Bxd3 22. Qxd3 Qxb4 23. Re4 Rc3 24. Qxd4 Qxd4 25. Rexd4 Rxc2 26. Rd7 b5 27.
Ra7 Rb2 28. Rxa6 Rxb3 29. h4 Rb2 30. Rb6 h6 31. Rd4 Rc8 32. Rf4 Rc7 33. Rb8+
Kh7 34. h5 Rd7 35. g3 Rbd2 1/2-1/2

[Event "ETCC Plovdiv 2003"]
[Site "Plovdiv"]
[Date "2003.10.12"]
[Round "2.5"]
[White "Socko, Bartosz"]
[Black "Stevic, Hrvoje"]
[Result "1/2-1/2"]
[WhiteElo "2547"]
[BlackElo "2555"]
[PlyCount "70"]
[EventDate "2003.10.12"]

1. e4 c5 2. Nf3 e6 3. d4 cxd4 4. Nxd4 Nf6 5. Nc3 d6 6. Be3 Nc6 7. f3 a6 8. Qd2
Be7 9. O-O-O O-O 10. g4 Nxd4 11. Qxd4 b5 12. g5 Nd7 13. Rg1 Qa5 14. Kb1 b4 15.
Ne2 e5 16. Qd2 Nc5 17. Nc1 Be6 18. Bg2 Rfd8 19. f4 exf4 20. Bxf4 Rac8 21. Bf3
Qb5 22. h4 a5 23. g6 hxg6 24. h5 Na4 25. Qh2 g5 26. h6 g6 27. Bxd6 Rxd6 28. h7+
Kh8 29. Rxd6 Bxd6 30. Qxd6 Qc5 31. Qxc5 Nxc5 32. Rxg5 Kxh7 33. Nd3 f5 34. exf5
Bxf5 35. Bg4 Nxd3 1/2-1/2

[Event "ETCC Plovdiv 2003"]
[Site "Plovdiv"]
[Date "2003.10.12"]
[Round "2.6"]
[White "Pavasovic, Dusko"]
[Black "Sakalauskas, Vaidas"]
[Result "1/2-1/2"]
[WhiteElo "2586"]
[BlackElo "2423"]
[PlyCount "66"]
[EventDate "2003.10.12"]

1. e4 e6 2. d4 d5 3. Nd2 c5 4. exd5 Qxd5 5. Ngf3 cxd4 6. Bc4 Qd6 7. O-O Nf6 8.
Nb3 Nc6 9. Nbxd4 Nxd4 10. Nxd4 a6 11. Re1 Qc7 12. Bb3 Bd7 13. Qf3 Bd6 14. h3
O-O-O 15. Be3 Kb8 16. c4 e5 17. c5 Bxc5 18. Rac1 Qb6 19. Nf5 Bxe3 20. Rxe3 Bxf5
21. Qxf5 e4 22. Bxf7 Rhf8 23. Bb3 Rd2 24. Qf4+ Qd6 25. Qxd6+ Rxd6 26. Re2 Rfd8
27. Kh2 Rd4 28. Rc4 Rxc4 29. Bxc4 Rd4 30. Rc2 b5 31. Be6 Kb7 32. Kg3 Kb6 33.
Bf7 g5 1/2-1/2

[Event "ETCC Plovdiv 2003"]
[Site "Plovdiv"]
[Date "2003.10.12"]
[Round "2.7"]
[White "Damljanovic, Branko"]
[Black "Navara, David"]
[Result "1-0"]
[WhiteElo "2589"]
[BlackElo "2607"]
[PlyCount "53"]
[EventDate "2003.10.12"]

1. e4 c5 2. Nf3 e6 3. d3 Nc6 4. g3 Nge7 5. Bg2 g6 6. O-O Bg7 7. Re1 O-O 8. c3
e5 9. a3 d6 10. b4 Qc7 11. Bb2 b6 12. Nbd2 Bb7 13. Qb3 Kh8 14. d4 cxd4 15. cxd4
Nxd4 16. Nxd4 exd4 17. Rac1 Qd7 18. Nf3 d5 19. Bxd4 dxe4 20. Bxg7+ Kxg7 21.
Qb2+ f6 22. Ng5 Rac8 23. Rcd1 Qg4 24. h4 Kh6 25. Bh3 Qh5 26. Bxc8 Bxc8 27. Nxe4
1-0

[Event "ETCC Plovdiv 2003"]
[Site "Plovdiv"]
[Date "2003.10.12"]
[Round "2.7"]
[White "Babula, Vlastimil"]
[Black "Pavlovic, Milos"]
[Result "1/2-1/2"]
[WhiteElo "2567"]
[BlackElo "2593"]
[PlyCount "83"]
[EventDate "2003.10.12"]

1. d4 Nf6 2. c4 g6 3. Nc3 Bg7 4. e4 d6 5. Nf3 O-O 6. Be2 c5 7. O-O cxd4 8. Nxd4
Nc6 9. Be3 Nxd4 10. Bxd4 Bd7 11. Kh1 Bc6 12. Qd3 a5 13. f4 Nd7 14. Bxg7 Kxg7
15. Bg4 Nf6 16. Bh3 e5 17. Rad1 Re8 18. c5 Nh5 19. fxe5 dxe5 20. Qc4 Qe7 21. g3
f5 22. Nd5 Bxd5 23. exd5 Rac8 24. d6 Qd7 25. g4 b5 26. Qc3 b4 27. Qc4 Nf6 28.
gxf5 Qc6+ 29. Bg2 Qxc5 30. Qa6 Rf8 31. fxg6 hxg6 32. d7 Rcd8 33. Qe6 Nh5 34.
Be4 Rxf1+ 35. Rxf1 Nf4 36. Rxf4 Qc1+ 37. Kg2 Qxf4 38. Qxg6+ Kf8 39. Qd6+ Kg7
40. Qg6+ Kf8 41. Qd6+ Kg7 42. Qg6+ 1/2-1/2

[Event "ETCC Plovdiv 2003"]
[Site "Plovdiv"]
[Date "2003.10.12"]
[Round "2.7"]
[White "Ivanisevic, Ivan"]
[Black "Stocek, Jiri"]
[Result "1/2-1/2"]
[WhiteElo "2548"]
[BlackElo "2545"]
[PlyCount "98"]
[EventDate "2003.10.12"]

1. d4 Nf6 2. c4 e6 3. Nc3 Bb4 4. Qc2 O-O 5. e4 d6 6. a3 Bxc3+ 7. bxc3 Nbd7 8.
Bd3 c5 9. Ne2 Qc7 10. Ng3 b6 11. O-O Ba6 12. f4 cxd4 13. cxd4 Rac8 14. e5 Nd5
15. Bxh7+ Kh8 16. Bd3 Bxc4 17. Ne4 dxe5 18. fxe5 Kg8 19. Ng5 Bxd3 20. Qxd3 Qc2
21. Qh3 Qg6 22. Qh4 Rc2 23. Rf2 Rxf2 24. Qxf2 Qf5 25. Qh4 f6 26. exf6 N7xf6 27.
Bd2 Qd3 28. Bb4 Rc8 29. Re1 Rc2 30. Nxe6 Ne3 31. Kh1 Rxg2 32. Nf4 Qe4 33. Rxe3
Rg4+ 34. Rxe4 Rxh4 35. Be7 Nxe4 36. Bxh4 g5 37. Bxg5 Nxg5 38. Kg2 b5 39. h4 Ne4
40. Kf3 Nd6 41. Kg4 a5 42. Nd3 Nc4 43. Kf5 Nxa3 44. d5 Nc4 45. Ke4 Kg7 46. Kd4
a4 47. Kc5 a3 48. Nb4 Kg6 49. Kxb5 Nd6+ 1/2-1/2

[Event "ETCC Plovdiv 2003"]
[Site "Plovdiv"]
[Date "2003.10.12"]
[Round "2.8"]
[White "Gallagher, Joseph"]
[Black "Ibrahimov, Rasul"]
[Result "1-0"]
[WhiteElo "2522"]
[BlackElo "2478"]
[PlyCount "79"]
[EventDate "2003.10.12"]

1. e4 c5 2. Nc3 e6 3. Nf3 a6 4. d4 cxd4 5. Nxd4 d6 6. Be2 Nf6 7. O-O Be7 8. f4
O-O 9. Be3 Nc6 10. Qe1 Bd7 11. Rd1 Qc7 12. Qg3 Kh8 13. Nf3 Nb4 14. Rd2 Nxa2 15.
Nxa2 Nxe4 16. Qe1 Nxd2 17. Qxd2 Rac8 18. Nc3 b5 19. Bd3 f5 20. Ra1 Qb7 21. Nd1
Bf6 22. Be2 Qc6 23. Nd4 Bxd4 24. Qxd4 e5 25. fxe5 dxe5 26. Qxe5 Rce8 27. Qc5 f4
28. Bf3 Qxc5 29. Bxc5 Rf6 30. Nc3 Bf5 31. Nd5 Rf7 32. c3 Bc8 33. Bh5 g6 34.
Bd4+ Kg8 35. Bf3 Kf8 36. Nb6 Bb7 37. Bxb7 Rxb7 38. Rxa6 Re2 39. b4 Re6 40. Nd7+
1-0

[Event "ETCC Plovdiv 2003"]
[Site "Plovdiv"]
[Date "2003.10.12"]
[Round "2.9"]
[White "Zeidler, Sven P"]
[Black "Nyback, Tomi"]
[Result "*"]
[WhiteElo "2246"]
[BlackElo "2497"]
[PlyCount "96"]
[EventDate "2003.10.12"]

1. e4 d6 2. d4 Nf6 3. Nc3 g6 4. Bc4 Bg7 5. Qe2 Nc6 6. e5 Nd7 7. Nf3 Nb6 8. Bb3
O-O 9. h3 Na5 10. O-O Nxb3 11. axb3 f6 12. exd6 exd6 13. Bf4 g5 14. Be3 d5 15.
Rae1 Qe8 16. Nh2 Qg6 17. Qd2 Bf5 18. Re2 h5 19. f3 Bd7 20. Rfe1 Rfe8 21. g4 Kf7
22. Nf1 Bf8 23. Bf2 Rxe2 24. Rxe2 c6 25. Ng3 h4 26. Nh5 Bd6 27. Kg2 Rh8 28. Bg1
{Diagram #} 28... Rxh5 29. gxh5 Qf5 30. Kf1 Qxf3+ 31. Ke1 Bxh3 32. Qd3 Qxd3 33.
cxd3 Bg4 34. Rg2 Bf3 35. Rc2 f5 36. Bh2 f4 37. Rf2 Bxh5 38. Ne2 Bxe2 39. Kxe2
Nd7 40. Kf3 Nf6 41. Kg2 Kg6 42. Kh3 Kh5 43. Kg2 Kg4 44. Rf3 Kf5 45. Rf1 g4 46.
Bg1 h3+ 47. Kh1 g3 48. Ra1 g2+ *

[Event "ETCC Plovdiv 2003"]
[Site "Plovdiv"]
[Date "2003.10.12"]
[Round "2.9"]
[White "Kett, Tim"]
[Black "Karttunen, Mika"]
[Result "1/2-1/2"]
[WhiteElo "2145"]
[BlackElo "2379"]
[PlyCount "109"]
[EventDate "2003.10.12"]

1. e4 c5 2. Nf3 e6 3. d4 cxd4 4. Nxd4 a6 5. Bd3 Nf6 6. O-O Qc7 7. Qe2 d6 8. c4
g6 9. Nc3 Bg7 10. Nf3 Nc6 11. Rd1 O-O 12. Bf4 e5 13. Be3 Bg4 14. h3 Bxf3 15.
Qxf3 Nd4 16. Bxd4 exd4 17. Nd5 Nxd5 18. cxd5 Rac8 19. h4 Qe7 20. g3 Bh6 21. Re1
Rc5 22. Re2 Bc1 23. Rb1 Rfc8 24. Kg2 Kg7 25. Qg4 h5 26. Qf3 Qc7 27. Kh2 Re8 28.
Kg2 Qc8 29. Re1 Bh6 30. Re2 Qc7 31. Rbe1 a5 32. Kh2 b5 33. Rg1 Qe7 34. Rge1 Qc7
35. Rg1 Qd7 36. Rge1 Qe7 37. a3 Qe5 38. Qg2 Qf6 39. Rf1 Bc1 40. f4 Be3 41. Qf3
Rb8 42. Kh3 a4 43. f5 b4 44. g4 hxg4+ 45. Qxg4 bxa3 46. bxa3 Rc3 47. Rxe3 dxe3
48. e5 dxe5 49. fxg6 Qxf1+ 50. Bxf1 e2+ 51. Kg2 exf1=Q+ 52. Kxf1 fxg6 53. Qe6
Rf3+ 54. Ke2 Rf5 55. Qe7+ 1/2-1/2

[Event "ETCC Plovdiv 2003"]
[Site "Plovdiv"]
[Date "2003.10.12"]
[Round "2.9"]
[White "Maki-Uuro, Miikka"]
[Black "Trevelyan, John"]
[Result "1/2-1/2"]
[WhiteElo "2409"]
[BlackElo "2150"]
[PlyCount "118"]
[EventDate "2003.10.12"]

1. d4 d6 2. Nf3 Nd7 3. g3 e5 4. Bg2 Ngf6 5. O-O Be7 6. Nbd2 O-O 7. dxe5 Nxe5 8.
Nxe5 dxe5 9. Nc4 Qxd1 10. Rxd1 Nd7 11. Bxb7 Bxb7 12. Rxd7 Rad8 13. Rxd8 Rxd8
14. Be3 Bf6 15. Bxa7 Ba6 16. b3 Ra8 17. Bc5 Bxc4 18. bxc4 Ra4 19. Be3 Kf8 20.
a3 Ke8 21. c5 Kd7 22. Rd1+ Kc6 23. Rb1 Be7 24. Rb8 f5 25. Re8 Bf6 26. Rh8 h6
27. Bxh6 Kxc5 28. Rf8 Kd5 29. h4 Rxa3 30. Bg5 Bxg5 31. hxg5 Rc3 32. Rxf5 Ke6
33. Rf8 Rxc2 34. g6 Rxe2 35. Rf7 Rc2 36. Rxg7 Kf6 37. Rg8 Rc1+ 38. Kg2 e4 39.
Re8 Rc4 40. Rg8 Rc1 41. g4 Rc3 42. g7 Kf7 43. Re8 Kxg7 44. Rxe4 Kf6 45. f3 Rc1
46. Kg3 c5 47. Re8 c4 48. Rc8 c3 49. f4 c2 50. Rc6+ Ke7 51. Kg2 Kd7 52. Rc3 Ke6
53. Re3+ Kf6 54. Rc3 Ke6 55. g5 Kf5 56. Rc8 Ra1 57. Rxc2 Kxf4 58. g6 Ra6 59. g7
Rg6+ 1/2-1/2

[Event "ETCC Plovdiv 2003"]
[Site "Plovdiv"]
[Date "2003.10.12"]
[Round "2.10"]
[White "Hellsten, Johan"]
[Black "Mchedlishvili, Mikheil"]
[Result "1/2-1/2"]
[WhiteElo "2534"]
[BlackElo "2557"]
[PlyCount "38"]
[EventDate "2003.10.12"]

1. d4 Nf6 2. c4 e6 3. Nc3 Bb4 4. e3 O-O 5. Bd3 c5 6. Nge2 d5 7. cxd5 cxd4 8.
exd4 Nxd5 9. O-O Nc6 10. Be4 Nf6 11. Bf3 Be7 12. a3 Bd7 13. b4 Rc8 14. Be3 a6
15. Rc1 Qc7 16. g3 Qb8 17. Bf4 Bd6 18. Bg5 Be7 19. Bf4 Bd6 1/2-1/2

[Event "ETCC Plovdiv 2003"]
[Site "Plovdiv"]
[Date "2003.10.12"]
[Round "2.10"]
[White "Kacheishvili, Giorgi"]
[Black "Barkhagen, Jonas"]
[Result "1-0"]
[WhiteElo "2593"]
[BlackElo "2480"]
[PlyCount "95"]
[EventDate "2003.10.12"]

1. d4 Nf6 2. c4 e6 3. Nf3 b6 4. e3 Bb7 5. Bd3 Be7 6. Nc3 d5 7. O-O O-O 8. cxd5
exd5 9. b3 Ne4 10. Bb2 Nxc3 11. Bxc3 Ba6 12. b4 Bxd3 13. Qxd3 a6 14. a4 Bd6 15.
b5 Qe7 16. Rfb1 Nd7 17. bxa6 c6 18. Bb2 Nb8 19. Rc1 Nxa6 20. Qb3 Qb7 21. Ba3
Bxa3 22. Rxa3 Rfc8 23. Raa1 Nc7 24. Rab1 Ra6 25. Rc3 Ne6 26. Rbc1 Qa8 27. Qxd5
Rxa4 28. Qf5 Qa5 {Diagram #} 29. g4 Qxf5 30. gxf5 Nd8 31. Ne5 c5 32. Nd7 Rb4
33. dxc5 bxc5 34. Rxc5 Rxc5 35. Rxc5 Rb7 36. Re5 f6 37. Nxf6+ gxf6 38. Re8+ Kg7
39. Rxd8 Kh6 40. Rg8 Rb5 41. e4 Rb4 42. Rg4 Kh5 43. h3 h6 44. Kg2 Rb6 45. Rg6
Ra6 46. Kg3 Rb6 47. f3 Ra6 48. Rg8 1-0

[Event "ETCC Plovdiv 2003"]
[Site "Plovdiv"]
[Date "2003.10.12"]
[Round "2.10"]
[White "Brynell, Stellan"]
[Black "Gagunashvili, Merab"]
[Result "1/2-1/2"]
[WhiteElo "2462"]
[BlackElo "2582"]
[PlyCount "46"]
[EventDate "2003.10.12"]

1. e4 c5 2. Nf3 Nc6 3. c3 d5 4. exd5 Qxd5 5. d4 e6 6. Be2 Nf6 7. O-O cxd4 8.
cxd4 Be7 9. Nc3 Qd6 10. Nb5 Qd8 11. Bf4 Nd5 12. Bg3 O-O 13. Bc4 a6 14. Bxd5
axb5 15. Be4 Qb6 16. Qc2 h6 17. Rfd1 Bd7 18. Ne5 Nxe5 19. Bxe5 Bc6 20. d5 Bxd5
21. Bxd5 exd5 22. Rxd5 Rfd8 23. Rxd8+ Rxd8 1/2-1/2

[Event "ETCC Plovdiv 2003"]
[Site "Plovdiv"]
[Date "2003.10.12"]
[Round "2.12"]
[White "Kurajica, Bojan"]
[Black "Fedorov, Alexei"]
[Result "1/2-1/2"]
[WhiteElo "2557"]
[BlackElo "2595"]
[PlyCount "62"]
[EventDate "2003.10.12"]

1. d4 Nf6 2. Nf3 g6 3. g3 Bg7 4. Bg2 O-O 5. O-O d6 6. Re1 Nbd7 7. e4 e5 8. c3
Re8 9. Nbd2 b6 10. dxe5 dxe5 11. b4 Bb7 12. Qc2 Qe7 13. a4 a6 14. Bf1 Red8 15.
Ba3 Ne8 16. a5 b5 17. c4 c6 18. Nb3 Nc7 19. Bh3 Ne6 20. Rad1 Ndf8 21. Nc5 Bc8
22. Rxd8 Qxd8 23. Nxe6 Bxe6 24. Bxe6 Nxe6 25. Bb2 Qe7 26. c5 Rd8 27. Rd1 Rxd1+
28. Qxd1 f6 29. h4 h5 30. Bc1 Kf7 31. Kf1 Ke8 1/2-1/2

[Event "ETCC Plovdiv 2003"]
[Site "Plovdiv"]
[Date "2003.10.12"]
[Round "2.12"]
[White "Azarov, Sergei"]
[Black "Dizdarevic, Emir"]
[Result "1/2-1/2"]
[WhiteElo "2542"]
[BlackElo "2507"]
[PlyCount "109"]
[EventDate "2003.10.12"]

1. e4 c6 2. Nc3 d5 3. Nf3 Bg4 4. h3 Bxf3 5. Qxf3 e6 6. g3 Nd7 7. Bg2 dxe4 8.
Nxe4 Ngf6 9. O-O Nxe4 10. Qxe4 Nf6 11. Qe2 g6 12. Rd1 Bg7 13. d4 O-O 14. c4 Re8
15. Be3 Qa5 16. a3 Rad8 17. Qc2 Rd7 18. b4 Qd8 19. Rd2 a5 20. Rad1 axb4 21.
axb4 Qe7 22. Qb1 Rc8 23. b5 Ne8 24. bxc6 bxc6 25. Qb6 Nd6 26. c5 Nf5 27. Bxc6
Rdc7 28. Bf3 Nxe3 29. fxe3 Ra7 30. Kg2 h5 31. Rb1 Ra3 32. Rb3 Ra1 33. Qb7 Qd8
34. Rdb2 Bf8 35. Rb1 Ra2+ 36. R3b2 Ra3 37. Rb3 Ra2+ 38. R1b2 Ra1 39. Rf2 Rc7
40. Qb8 Rc8 41. Qf4 Ra7 42. Rb7 Rxb7 43. Bxb7 Rc7 44. Be4 Bg7 45. Ra2 Kh7 46.
Ra8 Qe7 47. Re8 Qxe8 48. Qxc7 f5 49. Bc6 Qf8 50. h4 e5 51. Bf3 exd4 52. exd4
Qf6 53. d5 Qb2+ 54. Kh3 Qc3 55. Bg2 1/2-1/2

[Event "ETCC Plovdiv 2003"]
[Site "Plovdiv"]
[Date "2003.10.12"]
[Round "2.12"]
[White "Bistric, Faruk"]
[Black "Kovalev, Andrei"]
[Result "0-1"]
[WhiteElo "2503"]
[BlackElo "2572"]
[PlyCount "82"]
[EventDate "2003.10.12"]

1. Nf3 Nf6 2. g3 c5 3. Bg2 Nc6 4. d4 cxd4 5. Nxd4 g6 6. c4 Bg7 7. O-O O-O 8.
Nc3 Nxd4 9. Qxd4 d6 10. Qd3 Qa5 11. h3 Be6 12. Bd2 Qh5 13. g4 Qe5 14. b3 Nd7
15. f4 Qc5+ 16. Kh1 Qc8 17. Rac1 Nc5 18. Qe3 Re8 19. b4 Nd7 20. f5 Bxc4 21. Nd5
Ne5 22. Nxe7+ Rxe7 23. f6 Re8 24. fxg7 Nxg4 25. Qd4 Ne5 26. Qxd6 Qd8 27. Rf6
Bxe2 28. Bxb7 Rb8 29. Bg2 Qxd6 30. Rxd6 Nc4 31. Rd7 Nxd2 32. Rxd2 Kxg7 33. a3
Rbd8 34. Rxd8 Rxd8 35. Rc7 a6 36. Re7 Rd1+ 37. Kh2 Rd2 38. Kg3 Bb5 39. Re3 h5
40. Bb7 g5 41. Rc3 Rd7 0-1

[Event "ETCC Plovdiv 2003"]
[Site "Plovdiv"]
[Date "2003.10.12"]
[Round "2.13"]
[White "Delchev, Aleksander"]
[Black "Thorhallsson, Throstur"]
[Result "1/2-1/2"]
[WhiteElo "2603"]
[BlackElo "2444"]
[PlyCount "47"]
[EventDate "2003.10.12"]

1. e4 c5 2. Nf3 d6 3. d4 cxd4 4. Nxd4 Nf6 5. Nc3 Nc6 6. Bg5 Qb6 7. Nb3 e6 8.
Bf4 Ne5 9. Be3 Qc7 10. f4 Nc6 11. Bd3 Be7 12. Qf3 a6 13. O-O O-O 14. Qh3 b5 15.
g4 g6 16. g5 Nh5 17. Be2 b4 18. Nd1 e5 19. f5 Nf4 20. Bxf4 exf4 21. Qh4 gxf5
22. Qxf4 fxe4 23. Ne3 Be6 24. Rad1 1/2-1/2

[Event "ETCC Plovdiv 2003"]
[Site "Plovdiv"]
[Date "2003.10.12"]
[Round "2.13"]
[White "Gunnarsson, Jon Viktor"]
[Black "Spasov, Vasil"]
[Result "1/2-1/2"]
[WhiteElo "2419"]
[BlackElo "2543"]
[PlyCount "43"]
[EventDate "2003.10.12"]

1. e4 c5 2. Nf3 Nc6 3. d4 cxd4 4. Nxd4 g6 5. Nc3 Bg7 6. Be3 Nf6 7. Bc4 O-O 8.
Bb3 a5 9. O-O d6 10. h3 Nxd4 11. Bxd4 Bd7 12. a4 Bc6 13. Qd3 Nd7 14. Bxg7 Kxg7
15. Qd4+ Kg8 16. Rad1 Qb6 17. Qxb6 Nxb6 18. Rfe1 Nd7 19. Rd4 Rfc8 20. Bc4 Kf8
21. Re3 Rc7 22. Nd5 1/2-1/2

[Event "ETCC Plovdiv 2003"]
[Site "Plovdiv"]
[Date "2003.10.12"]
[Round "2.14"]
[White "Bayram, Yakup"]
[Black "Levitt, Jonathan"]
[Result "1/2-1/2"]
[WhiteElo "2306"]
[BlackElo "2423"]
[PlyCount "68"]
[EventDate "2003.10.12"]

1. d4 d5 2. c4 c6 3. Nf3 Nf6 4. cxd5 cxd5 5. Nc3 a6 6. g3 e6 7. Bg2 Be7 8. O-O
Nbd7 9. Ne5 Nxe5 10. dxe5 Nd7 11. e4 dxe4 12. Nxe4 Nxe5 13. Qh5 Nc6 14. Rd1 Qc7
15. b3 O-O 16. Bb2 e5 17. Rac1 Be6 18. Nc5 Bxc5 19. Rxc5 f6 20. Rdc1 Qd7 21.
Rxc6 bxc6 22. Bxc6 Qd2 23. Ba3 Qxa2 24. Be4 f5 25. Bxf8 Rxf8 26. Bb1 Qxb3 27.
Qe2 Bd5 28. Bd3 Qa3 29. Rd1 Qb3 30. Bxa6 Bf7 31. Re1 e4 32. Rc1 Qf3 33. Qxf3
exf3 34. Bb7 Bh5 1/2-1/2

[Event "ETCC Plovdiv 2003"]
[Site "Plovdiv"]
[Date "2003.10.12"]
[Round "2.15"]
[White "Kulaots, Kaido"]
[Black "Van Der Stricht, Geert"]
[Result "1-0"]
[WhiteElo "2530"]
[BlackElo "2468"]
[PlyCount "91"]
[EventDate "2003.10.12"]

1. e4 c5 2. Nf3 d6 3. d4 cxd4 4. Nxd4 Nf6 5. Nc3 a6 6. Be2 e5 7. Nb3 Be7 8. O-O
O-O 9. Kh1 b5 10. a4 b4 11. Nd5 Bb7 12. Nxe7+ Qxe7 13. f3 d5 14. exd5 Bxd5 15.
Be3 Rc8 16. Qd2 Nc6 17. Rad1 Rd8 18. Qe1 h6 19. Qf2 Re8 20. Rfe1 Bxb3 21. cxb3
Na5 22. Bb6 Nc6 23. Bc4 Qb7 24. Rd6 Nd4 25. Bxd4 exd4 26. Rxd4 Qa7 27. Red1
Rad8 28. Kg1 Rxd4 29. Qxd4 Qb7 30. a5 Qc7 31. Qb6 Qxb6+ 32. axb6 Rb8 33. Rd6
Kf8 34. Bxa6 Ke7 35. Rc6 Nd7 36. b7 Rd8 37. Bb5 Nb8 38. Rc7+ Kf6 39. Kf2 Rd5
40. Rc8 Rxb5 41. Rxb8 h5 42. Ke3 Re5+ 43. Kd4 Re7 44. Kc5 h4 45. Kb6 h3 46.
gxh3 1-0